000 00462nam a2200157 4500
001 140028
003 ES-MaACL
005 20230906195957.0
007 t|
008 070214s1960 sp r ||||1| spa d
100 1 _aSchmitt, Carl.
_9104517
245 1 0 _aEx Captivitate Salus
_b: experiencias de los aƱos 1945-47 /
_cCarl Schmitt.
260 _aSantiago de Compostela :
_bPorto,
_c1960.
300 _a100 p. ;
_c19 cm.
852 _aES-MaACL
_jC-19243
_bR.45790
999 _c140028
_d140028